| 000 | 00740nam a2200265Ia 4500 | ||
|---|---|---|---|
| 005 | 20250425162047.0 | ||
| 008 | 250425s9999 xx 000 0 und d | ||
| 020 | _a9275073872 | ||
| 041 | _aspa | ||
| 082 | _a614 | ||
| 100 | _aRODRIGUEZ, JORGE ED | ||
| 245 | 0 | _aEVALUACION Y MEJORA DEL DESEMPEÑO EN LOS SISTEMAS DE SALUD EN LA REGION DE LAS AMERICAS | |
| 250 | _aS.E. | ||
| 260 |
_aEstados Unidos _bORGANIZACION PANAMERICANA DE LA SALUD _c2001 |
||
| 260 | _aWASHINGTON | ||
| 300 | _a71 | ||
| 500 | _aTambien esta en ingles | ||
| 650 | _aDESEMPEÑO | ||
| 650 | _aEVALUACION | ||
| 650 | _aSALUD PUBLICA | ||
| 650 | _aSISTEMAS DE SALUD | ||
| 710 | _aORGANIZACION PANAMERICA DE LA SALUD | ||
| 942 | _c01 | ||
| 010 | _a45137 | ||
| 999 |
_c221553 _d221553 |
||